| 000 | 02460nam0a2200301 4500 | ||
|---|---|---|---|
| 001 | RU\NLR\BIBL_A\016317341 | ||
| 005 | 20260408084734.0 | ||
| 035 | _a(NLR Aleph) 016317341 | ||
| 090 |
_a13021015 _c13021015 |
||
| 100 | _a20230321d2012 |||y0rusy50 ca | ||
| 101 | 0 | _arus | |
| 102 | _aRU | ||
| 105 | _aa|||j|||000zy | ||
| 181 | 0 |
_ai _baxxe |
|
| 182 | 0 | _an | |
| 200 | 1 |
_aСпособ хирургического лечения детей с диастематомиелией _eпособие для врачей _fМинистерство здравоохранения и социального развития Российской Федерации, Федеральное государственное бюджетное учреждение "Научно-исследовательский детский ортопедический институт им. Г. И. Турнера Министерства здравоохранения и социального развития Российской Федерации, Государственное бюджетное образовательное учреждение высшего профессионального образования "Северо-Западный государственный медицинский университет им. И. И. Мечникова" Министерства здравоохранения и социального развития Российской Федерации _g[профессор, д. м. н. С. В. Виссарионов и др.] |
|
| 203 |
_aТекст _bвизуальный _cнепосредственный |
||
| 210 |
_aСанкт-Петербург _cЮстицинформ _d2012 |
||
| 215 |
_a12 с. _cцв. ил. _d20 |
||
| 320 | _aБиблиогр. в конце кн. (8 назв.) | ||
| 606 | 1 |
_aДиастематомиелия детей _jРуководства, пособия и т.п _xХирургическое лечение _92547622 _3RU\NLR\AUTH\6601721039 |
|
| 686 | 1 | _aР733.636.750.50-59я77 | |
| 702 | 1 |
_aВиссарионов _bС. В. _gСергей Валентинович |
|
| 712 | 0 | 2 |
_4570 _aНаучно-исследовательский детский ортопедический институт им. Г. И. Турнера _cСанкт-Петербург _9292615 _3RU\NLR\AUTH\8810202256 |
| 942 | _cBOOK | ||
| 980 | _aNB | ||